00265nam a22001097a 4500999001700000020001800017100001600035245004500051260003200096300001500128942001200143 c39065d39065 a9789388540896 aOddie, G.A. aSocial Protest in India cBy G.A. Oddie  aNew Delhi:bManohar,c2021. aviii,283p. 2ddccBK